Concepciones del profesorado de geografía e historia sobre la evaluación de los aprendizajes (Record no. 182290)
[ view plain ]
| 000 -CABECERA | |
|---|---|
| campo de control de longitud fija | 02262nab a2200325 a 4500 |
| 005 - FECHA Y HORA DE LA ÚLTIMA TRANSACCIÓN | |
| campo de control | 20250624063856.0 |
| 008 - ELEMENTOS DE LONGITUD FIJA--INFORMACIÓN GENERAL | |
| campo de control de longitud fija | 991125c2016 sp tr p o 000 0 spa d |
| 035 ## - NÚMERO DE CONTROL DEL SISTEMA | |
| Número de control de sistema | UPN01000210189 |
| 040 ## - FUENTE DE LA CATALOGACIÓN | |
| Centro catalogador/agencia de origen | MX-MxUPN |
| Lengua de catalogación | spa |
| Centro/agencia transcriptor | MX-MxUPN |
| Normas de descripción | aacr2 |
| 049 ## - COLECCIÓN | |
| Colección | ART-E |
| 100 1# - ASIENTO PRINCIPAL--NOMBRE PERSONAL | |
| Nombre de persona | Alfageme González, M. Begoña |
| 100 1# - ASIENTO PRINCIPAL--NOMBRE PERSONAL | |
| Filiación | alfageme@um.es |
| 100 1# - ASIENTO PRINCIPAL--NOMBRE PERSONAL | |
| Nombre de persona | Monteagudo Fernández, José |
| 100 1# - ASIENTO PRINCIPAL--NOMBRE PERSONAL | |
| Filiación | jose.monteagudo@um.es |
| 100 1# - ASIENTO PRINCIPAL--NOMBRE PERSONAL | |
| Nombre de persona | Miralles Martínez, Pedro |
| 100 1# - ASIENTO PRINCIPAL--NOMBRE PERSONAL | |
| Filiación | pedromir@um.es |
| 245 10 - MENCIÓN DE TÍTULO | |
| Título | Concepciones del profesorado de geografía e historia sobre la evaluación de los aprendizajes |
| 506 0# - NOTA DE RESTRICCIONES AL ACCESO | |
| Limitaciones de acceso | Acceso abierto |
| 520 3# - NOTA DE RESUMEN, ETC. | |
| Sumario, etc. | El presente artículo aborda la temática de la evaluación del aprendizaje a partir de las concepciones sobre dicho proceso que tiene el profesorado de Geografía e Historia de Educación Secundaria Obligatoria (ESO), en 31 centros educativos de la Región de Murcia de 22 localidades diferentes. Para llevar a cabo dicha investigación, desarrollada en la Región de Murcia (España), se empleó un cuestionario al que contestaron 103 profesores, más de una cuarta parte del conjunto del profesorado de Geografía e Historia de la Región de Murcia. Los resultados nos indican que para los docentes la finalidad de la evaluación de los aprendizajes de los alumnos se centra los objetivos de la institución escolar o centro educativo de secundaria en el que trabajan y como un servicio social, atendiendo a la comunidad educativa y al alumnado al que enseñan. Como conclusión, y a la luz de algunas de las respuestas halladas, sostenemos que es necesaria una mejora en la formación docente que permita implementar en el aula otras estrategias metodológicas e instrumentos de evaluación que acerquen a esta hacia posiciones más acordes a los últimos cambios legislativos. |
| 650 #2 - ASIENTO SECUNDARIO DE MATERIA - TERMINO TEMATICO | |
| Término de materia o nombre geográfico como elemento de entrada | Geografía |
| 9 (RLIN) | 4018 |
| 650 #4 - ASIENTO SECUNDARIO DE MATERIA - TERMINO TEMATICO | |
| Término de materia o nombre geográfico como elemento de entrada | Historia |
| 9 (RLIN) | 1690 |
| 650 #7 - ASIENTO SECUNDARIO DE MATERIA - TERMINO TEMATICO | |
| Término de materia o nombre geográfico como elemento de entrada | Educación secundaria |
| 9 (RLIN) | 4281 |
| 653 0# - TERMINO DE INDIZACION - NO CONTROLADO | |
| Término no controlado | Concepciones docentes |
| 653 0# - TERMINO DE INDIZACION - NO CONTROLADO | |
| Término no controlado | Evaluación del aprendizaje |
| 773 ## - ENLACE AL DOCUMENTO FUENTE/ENTRADA DE REGISTRO ANFITRIÓN | |
| Parte(s) relacionada(s) | Vol. 16, no. 2 (2016), p. 1-22 |
| Título | Actualidades investigativas en educación |
| Número Internacional Normalizado para Publicaciones Seriadas | 1409-4703 |
| 856 4# - LOCALIZACIÓN Y ACCESO ELECTRÓNICOS | |
| Identificador Uniforme del Recurso | <a href="https://www.redalyc.org/journal/447/44745615012/html/">https://www.redalyc.org/journal/447/44745615012/html/</a> |
| 902 ## - ELEMENTOS DE DATOS B LOCAL, LDB (RLIN) | |
| Creó | Gloria Jiménez/100625 |
| 905 ## - TIPO DE MATERIAL | |
| Tipo de material | Articulo |
| 942 ## - ELEMENTOS DE PUNTO DE ACCESO ADICIONAL (KOHA) | |
| Tipo de ítem Koha | Artículo Electrónico |
| Estado de retiro | Estado de pérdida | Estado dañado | No para préstamo | Código de colección | Localización permanente | Ubicación/localización actual | Ubicación en estantería | Fecha de adquisición | Total de préstamos | Fecha visto por última vez | Identificador Uniforme del Recurso | Precio válido a partir de | Tipo de ítem Koha |
|---|---|---|---|---|---|---|---|---|---|---|---|---|---|
| Acceso abierto | Bib. Gregorio Torres Quintero | Bib. Gregorio Torres Quintero | En línea | 10/06/2025 | 10/06/2025 | https://www.redalyc.org/journal/447/44745615012/html/ | 10/06/2025 | Artículo Electrónico |
